000 00823nam a2200253Ia 4500
003 OSt
005 20220930093854.0
006 a|||||r|||| 00| 0
007 ta
008 220926b |||||||| |||| 00| 0 eng d
024 _a62915
037 _cTheses
040 _aCRL
_cCRL
_beng
041 _2eng
_aeng
100 _aDevla Au.
_9553571
110 _aUniversity of Delhi. Faculty of Science. Department of Chemistry
245 0 _aAntimycobacterial and antileishmanial activity of analogues of chromonedihydropyridines, coumarins and some natural products
260 _c2018
300 _axvii,180p.
_ap.
_ccm.
700 _a M.Thirumal Gu.
_9553572
700 _aUniversity of Delhi. Faculty of Science. Department of Chemistry
942 _cDIS
_2CC
999 _c886137
_d886137